| 000 | 00000nas##2200000za#4500 |
| 001 | 9.511998 |
| 003 | CaOODSP |
| 005 | 20231123084320 |
| 007 | ta |
| 008 | 150406c2005||||xxc|| p #||||f| |0eng|d |
| 022 | |a1914-1246 |
| 040 | |aCaOODSP|beng |
| 041 | |aeng |
| 041 | |afre |
| 043 | |an-cn--- |
| 086 | 1 |aFR2-3 |
| 110 | 1 |aCanada. |bForeign Affairs and International Trade Canada. |
| 245 | 10|aGlobal Partnership Program, report to Parliament |
| 260 | |aOttawa - Ontario : |bForeign Affairs and International Trade |
| 310 | |aAnnual |
| 362 | 1 |a[2005] -- |
| 500 | |a"The Global Partnership, a G8-led multilateral initiative, addresses one of the most serious threats we face today -- that of weapons of mass destruction and their acquisition by terrorist groups or states of proliferation concern."--Message from the Minister, 2007-2009 report to Parliament. |
| 520 | 3 |aDescribes the efforts of Canada and its G-8 partners in their work for disarmament, non-proliferation, counter-terrorism, and nuclear safety issues. |
| 563 | |aSoftcover |
| 690 | 07|aArms control|2gcpds |
| 776 | 0#|tGlobal Partnership Program, report to Parliament |w(CaOODSP)9.507038 |
| 776 | 0#|tProgramme de partenariat mondial, rapport au Parlement |w(CaOODSP)9.503430 |
| 792 | |tProgramme de partenariat mondial, rapport au Parlement |efre|w(CaOODSP)9.511999 |